000 00892nam a2200289Ia 4500
003 GCL
008 140319s9999 xx 000 0 ara d
040 _aGCL /
_cGCL
082 0 4 _aد
_b050
_bر م
100 1 _aرئاسة الجمهورية
245 1 0 _aموسوعة المجالس القومية المتخصصة /
_cرئاسة الجمهورية
700 1 _aالمجالس القومية المتخصصة
260 _a[S.N] :
_bالمجالس القومية المتخصصة ،
_c1994
300 _aمتعدد
490 _aالمغتربون
_v0
650 0 4 _aالتعليم
650 0 4 _aالزراعة
650 0 4 _aالسياسة
650 0 4 _aالسياحة
650 0 4 _aالاسكان
650 0 4 _aالصناعة
650 0 4 _aالنقل
650 0 4 _aالرى
650 0 4 _aالبحث العلمى
650 0 4 _aالحكم المحلى
942 _2ddc
_cCF
999 _c27447
_d27447